| 000 | 00541nam a2200181Ia 4500 | ||
|---|---|---|---|
| 003 | GCL | ||
| 008 | 140319s9999 xx 000 0 ara d | ||
| 040 |
_aGCL / _cGCL |
||
| 082 | 0 | 4 |
_a822.043 _bأ إ |
| 100 | 1 | _aاونيل، يوجين | |
| 245 | 1 | 0 |
_aالإله الكبير براون / _cاونيل، يوجين |
| 700 | 1 | _aعبدالله عبدالحافظ | |
| 300 | _a143 | ||
| 490 |
_aمن المسرح العالمى _v0 |
||
| 650 | 0 | 4 | _aالمسرحيات |
| 650 | 0 | 4 | _aالمسرحيات الانجليزية |
| 942 |
_2ddc _cBK |
||
| 999 |
_c42978 _d42978 |
||